Statistics for "Pan"- Flags

Click here to take the quiz!

General Stats

  • This quiz has been taken 10 times
  • The average score is 28 of 43

Answer Stats

TypeCountry% Correct
Pan-ArabIraq
90%
Pan-SlavicSlovakia
90%
Pan-SlavicSlovenia
90%
Pan-ArabSyria
90%
Pan-SlavicCroatia
80%
Pan-SlavicSerbia
80%
Pan-SlavicCzech Republic
70%
Pan-ArabEgypt
70%
Pan-AfricanGuinea
70%
Pan-AfricanGuinea-Bissau
70%
Pan-ArabJordan
70%
Pan-ArabKuwait
70%
Pan-AfricanLibya
70%
Pan-SlavicRussia
70%
Pan-AfricanSão Tomé and Príncipe
70%
Pan-ArabSudan
70%
Pan-ArabUnited Arab Emirates
70%
Pan-ArabYemen
70%
Pan-AfricanBenin
60%
Pan-AfricanCameroon
60%
Pan-AfricanCentral African Republic
60%
Pan-AfricanChad
60%
Pan-AfricanEritrea
60%
Pan-AfricanEthiopia
60%
Pan-AfricanGambia
60%
Pan-AfricanGhana
60%
Pan-AfricanKenya
60%
Pan-AfricanRepublic of the Congo
60%
Pan-AfricanSenegal
60%
Pan-AfricanSouth Africa
60%
Pan-AfricanSouth Sudan
60%
Pan-AfricanTogo
60%
Pan-AfricanZambia
60%
Pan-AfricanZimbabwe
60%
Pan-AfricanBurkina Faso
50%
Pan-AfricanComoros
50%
Pan-AfricanMalawi
50%
Pan-AfricanMali
50%
Pan-AfricanMauritania
50%
Pan-AfricanMozambique
50%
Pan-AfricanNamibia
50%
Pan-AfricanMauritius
40%
Pan-AfricanSeychelles
40%

Score Distribution

Percentile by Number Answered

Percent of People with Each Score

Your Score History

You have not taken this quiz